Catálogo
 En Linea

Propuesta para apoyar los esfuerzos nacionales para la prevención de la intoxicación por plomo, dentro del contexto de la atención para la supervivencia, crecimiento y desarrollo de la infancia : (Registro nro. 52517)

Detalles MARC
000 -CABECERA
campo de control de longitud fija 01004nam a22002297a 4500
003 - IDENTIFICADOR DEL NÚMERO DE CONTROL
campo de control DO-SdBNP
005 - FECHA Y HORA DE LA ÚLTIMA TRANSACCIÓN
campo de control 20240528201512.0
007 - CAMPO FIJO DE DESCRIPCIÓN FÍSICA--INFORMACIÓN GENERAL
campo de control de longitud fija ta
008 - DATOS DE LONGITUD FIJA--INFORMACIÓN GENERAL
campo de control de longitud fija 110301s2001 dr d 000 0 spa d
040 ## - FUENTE DE LA CATALOGACIÓN
Centro catalogador/agencia de origen DO-SdBNP
Lengua de catalogación spa
Centro/agencia transcriptor BNPHU
082 #4 - NÚMERO DE LA CLASIFICACIÓN DECIMAL DEWEY
Número de clasificación xxxx
Número de documento/Ítem O34p
100 ## - ENTRADA PRINCIPAL--NOMBRE DE PERSONA
Nombre de persona Ogando, Eduardo
9 (RLIN) 53747
245 10 - MENCIÓN DE TÍTULO
Título Propuesta para apoyar los esfuerzos nacionales para la prevención de la intoxicación por plomo, dentro del contexto de la atención para la supervivencia, crecimiento y desarrollo de la infancia :
Resto del título prevalencia de intoxicación por plomo en niños/as de 6-72 meses de edad /
Mención de responsabilidad, etc. Eduardo Ogando, Conrado Depratt
260 ## - PUBLICACIÓN, DISTRIBUCIÓN, ETC.
Lugar de publicación, distribución, etc. Santo Domingo :
Nombre del editor, distribuidor, etc. IDAN,
-- IQUASD,
-- UNICEF,
Fecha de publicación, distribución, etc. 2001.
300 ## - DESCRIPCIÓN FÍSICA
Extensión 19 p. :
Otras características físicas graf.
Dimensiones 28 cm.
590 ## - NOTA LOCAL (RLIN)
Nota local Inventariado, 2022/ YL
710 ## - PUNTO DE ACCESO ADICIONAL--NOMBRE DE ENTIDAD CORPORATIVA
Nombre de entidad corporativa o nombre de jurisdicción como elemento de entrada Instituto Dominicano de Alimentación y Nutrición (IDAN)
9 (RLIN) 82482
710 ## - PUNTO DE ACCESO ADICIONAL--NOMBRE DE ENTIDAD CORPORATIVA
Nombre de entidad corporativa o nombre de jurisdicción como elemento de entrada Instituto de Química de La Universidad Autónoma de Santo Domingo (IQUASD)
9 (RLIN) 82483
710 2# - PUNTO DE ACCESO ADICIONAL--NOMBRE DE ENTIDAD CORPORATIVA
Nombre de entidad corporativa o nombre de jurisdicción como elemento de entrada UNICEF
9 (RLIN) 83236
910 ## - DATOS DE OPCIÓN DEL USUARIO (OCLC)
Datos de opción del usuario YLockward
942 ## - ELEMENTOS DE PUNTO DE ACCESO ADICIONAL (KOHA)
Fuente del sistema de clasificación o colocación Dewey Decimal Classification
Tipo de ítem Koha Folleto
Existencias
Estado de retiro Estado de pérdida Fuente del sistema de clasificación o colocación Restricciones de uso No para préstamo Código de colección Localización permanente Ubicación/localización actual Ubicación en estantería Fecha de adquisición Total de préstamos Signatura topográfica completa Código de barras Fecha visto por última vez Precio válido a partir de Tipo de ítem Koha
    Dewey Decimal Classification Excluido de préstamo   Dominicana Folletos Biblioteca Nacional Pedro Henríquez Ureña Biblioteca Nacional Pedro Henríquez Ureña En catalogación 04.10.2022   xxxx O34p 2022-4193 04.10.2022 04.10.2022 Folleto

Con tecnología Koha